000 002520000a22000970004500
100 1 _aLucado, Max
245 1 0 _aUna clase diferente de héroe
300 _aVol. 5, Num. 4 (Agosto, 1996), Páginas 4-6
773 0 _tTemas de la vida cristiana
942 _cANA
999 _c53394
_d53394